000 00891cab a2200253 4500
001 ABS61056
008 090401t1999 xxu||||| |||| 00| 0 eng d
035 _a(Sirsi) u63
041 _aeng
100 _aBingham, T.
245 _aWho needs experts?
260 _c1999
350 _a0
490 _aBuilding
_v264(9099) 6 August 1999, 57(1)
520 _aReports on Lord Woolf's conclusions that civil litigation costs are so high due to uncontrolled expert evidence. Considers whether a single expert on a case would be equally effective.
650 _aMANAGEMENT-DISPUTE AVOIDANCE, MANAGEMENT AND RESOLUTION-DISPUTE MANAGEMENT AND RESOLUTION-ARBITRATION
650 _aCIVIL LITIGATION
650 _aEXPERT EVIDENCE
650 _aEXPERT WITNESSES
650 _aWOOLF REFORMS
690 _aMANAGEMENT-BUSINESS MANAGEMENT-PROFESSIONAL PRACTICE
942 _n0
948 _c31/08/1999
999 _c24
_d24